स्वगत (Record no. 324791)

MARC details
000 -LEADER
fixed length control field 00565nam a2200181Ia 4500
008 - FIXED-LENGTH DATA ELEMENTS--GENERAL INFORMATION
fixed length control field 090711s9999 xx 000 0 und d
082 ## - DEWEY DECIMAL CLASSIFICATION NUMBER
Item number 1297
100 ## - MAIN ENTRY--PERSONAL NAME
Personal name नारायण जयप्रकाश
245 ## - TITLE STATEMENT
Title स्वगत
260 ## - PUBLICATION, DISTRIBUTION, ETC. (IMPRINT)
Name of publisher, distributor, etc परचुरे प्रकाशन
Date of publication, distribution, etc 1996
300 ## - PHYSICAL DESCRIPTION
Extent 147
600 ## - SUBJECT ADDED ENTRY--PERSONAL NAME
Personal name नारायण जयप्रकाश
630 ## - SUBJECT ADDED ENTRY--UNIFORM TITLE
Uniform title स्वगत
700 ## - ADDED ENTRY--PERSONAL NAME
Personal name देशपांडे पु. ल.
700 ## - ADDED ENTRY--PERSONAL NAME
Personal name नारायण जयप्रकाश
730 ## - ADDED ENTRY--UNIFORM TITLE
Uniform title स्वगत
942 ## - ADDED ENTRY ELEMENTS (KOHA)
Koha item type Book
Holdings
Withdrawn status Lost status Damaged status Not for loan Home library Current library Date acquired Cost, normal purchase price Total Checkouts Full call number Barcode Date last seen Cost, replacement price Price effective from Koha item type
        Dadar Sarvajanik Vachanalaya, Dardar Dadar Sarvajanik Vachanalaya, Dardar 12/02/1997 120.00   1297 DASAVA-1297 07/11/2009 120.00 07/11/2009 Book